| 000 | 00424nam a2200193Ia 4500 | ||
|---|---|---|---|
| 008 | 210210b1963 xxu||||| |||| 00| 0 eng d | ||
| 041 | _aeng | ||
| 082 | _a539/45 | ||
| 100 | _aHALACY (D S) | ||
| 245 | _aComing age of solar energy | ||
| 260 |
_aNew York _bHarper & Raw _c1963 |
||
| 300 | _a241 | ||
| 650 | _asolar | ||
| 650 | _aenergy | ||
| 650 | _aComing | ||
| 650 | _aage | ||
| 690 | _aPhysics | ||
| 906 | _a009061 | ||
| 999 |
_c127810 _d127810 |
||